Phân lập và nhận diện một số dòng vi khuẩn có khả năng phân huỷ lông gia súc, gia cầm tại tỉnh Đồng Tháp : Luận văn tốt nghiệp cao học.Ngành công nghệ sinh học

Nội dung đề tài nghiên cứu là phân lập và tuyển chọn một số dòng vi khuẩn có khả năng phân huỷ hiệu quả lông gia súc, gia cầm.

Αποθηκεύτηκε σε:
Λεπτομέρειες βιβλιογραφικής εγγραφής
Κύριος συγγραφέας: Nguyễn, Tiến Sĩ
Μορφή: Βιβλίο
Γλώσσα:Undetermined
Έκδοση: Cần Thơ Đại học Cần Thơ 2013
Θέματα:
Ετικέτες: Προσθήκη ετικέτας
Δεν υπάρχουν, Καταχωρήστε ετικέτα πρώτοι!
Thư viện lưu trữ: Trung tâm Học liệu Trường Đại học Cần Thơ
LEADER 01089nam a2200217Ia 4500
001 CTU_184675
008 210402s9999 xx 000 0 und d
082 |a 660.6 
082 |b S300 
088 |a 60420201 
100 |a Nguyễn, Tiến Sĩ 
245 0 |a Phân lập và nhận diện một số dòng vi khuẩn có khả năng phân huỷ lông gia súc, gia cầm tại tỉnh Đồng Tháp : 
245 0 |b Luận văn tốt nghiệp cao học.Ngành công nghệ sinh học 
245 0 |c Nguyễn Tiến Sĩ ; Bùi Thị Minh Diệu người hướng dẫn 
260 |a Cần Thơ 
260 |b Đại học Cần Thơ 
260 |c 2013 
520 |a Nội dung đề tài nghiên cứu là phân lập và tuyển chọn một số dòng vi khuẩn có khả năng phân huỷ hiệu quả lông gia súc, gia cầm. 
650 |a Microbial biotechnology,Vi sinh học công nghiệp 
904 |i Bành Ngọc Trang 
980 |a Trung tâm Học liệu Trường Đại học Cần Thơ